Central Library OPAC University of Rajshahi

The mammals of Arabia / (Record no. 14955)

MARC details
000 -LEADER
fixed length control field 00713cam a22002171 4500
001 - CONTROL NUMBER
control field 14955
003 - CONTROL NUMBER IDENTIFIER
rucl marc code BD-RjUL
005 - DATE AND TIME OF LATEST TRANSACTION
control field 20211208235725.0
008 - FIXED-LENGTH DATA ELEMENTS--GENERAL INFORMATION
fixed length control field 140208s1968 enkab b 000 0 eng
035 ## - SYSTEM CONTROL NUMBER
System control number (BD-RjUL)15009
040 ## - CATALOGING SOURCE
Original cataloging agency DLC/ICU
Transcribing agency ICU
Modifying agency DLC
-- BD-RjUL
Language of cataloging eng
041 ## - LANGUAGE CODE
Language code of text/sound track or separate title eng
082 00 - DEWEY DECIMAL CLASSIFICATION NUMBER
Edition number 23
Classification number 599.0953
Author mark and year HAM 1964
100 1# - MAIN ENTRY--PERSONAL NAME
Personal name Harrison, David L.
Fuller form of name (David Lakin)
9 (RLIN) 46557
245 14 - TITLE STATEMENT
Title The mammals of Arabia /
Statement of responsibility, etc. David L. Harrison.
260 ## - PUBLICATION, DISTRIBUTION, ETC. (IMPRINT)
Place of publication, distribution, etc. London :
Name of publisher, distributor, etc. E. Benn,
Date of publication, distribution, etc. 1968.
300 ## - PHYSICAL DESCRIPTION
Pagination v. :
Illustrations ill. ;
Size 31 cm.
505 0# - FORMATTED CONTENTS NOTE
Formatted contents note v. 1. Insectivora. Chiroptera. Primates.--v. 2. Carnivora. Artiodactyla. Hyracoidea.--v. 3. Lagomorpha. Rodentia.
650 #0 - SUBJECT ADDED ENTRY--TOPICAL TERM
Topical term or geographic name as entry element Mammals
Geographic subdivision Arabian Peninsula.
9 (RLIN) 46558
942 ## - ADDED ENTRY ELEMENTS (KOHA)
Source of classification or shelving scheme Dewey Decimal Classification
Koha item type Books
Holdings
Lost status Source of classification or shelving scheme Damaged status Not for loan Collection code Permanent Location Current Location Shelving location Date acquired Source of acquisition Cost, normal purchase price Total Checkouts Full call number Date last seen Copy number Koha item type
  Dewey Decimal Classification   Not For Loan Non-fiction Central Library, University of Rajshahi Central Library, University of Rajshahi Reading Room 08/04/1974 Euro-Bangladesh News Agency 176.00   599.0953 HAM V-2 1968 08/02/2014 C-1 Books
  Dewey Decimal Classification   Not For Loan Non-fiction Central Library, University of Rajshahi Central Library, University of Rajshahi Reading Room 08/04/1974 Euro Bangladesh News Agency 176.00   599.0953 HAM V-1 1964 29/05/2017 C-1 Books